Genral knowledge - Statistics

General Stats
  • This quiz has been taken 3,511 times
  • The average score is 3 of 5
Answer Stats
Question Answer % Correct
What is the marvel movie Infinity war
91%
Maths 345-150 195
88%
What is our planet universe Milkyway earth
83%
How do you spell this it’s jumbled amthatcism Mathimatics
63%
What year was 2012 created 2016
11%
No matching quizzes found
Score Distribution
Percent of People with Each Score
Percentile by Number Answered
Your Score History
You have not taken this quiz